Statistics for G7 Leaders, 1976-1989

Click here to take the quiz!

General Stats

  • This quiz has been taken 32 times
  • The average score is 11 of 31

Answer Stats

GroupAnswer% Correct
United States1977-1981Jimmy Carter
93%
United States1981-1989Ronald Reagan
93%
United States1974-1977Gerald Ford
90%
United Kingdom1979-1990Margaret Thatcher
90%
West Germany1982-1998Helmut Kohl
80%
Canada1980-1984Pierre Trudeau
80%
Canada1968-1979Pierre Trudeau
80%
France1981-1995François Mitterrand
77%
United Kingdom1976-1979James Callaghan
50%
United Kingdom1974-1976Harold Wilson
47%
West Germany1974-1982Helmut Schmidt
43%
Canada1984-1993Brian Mulroney
40%
France1974-1981Valéry Giscard d'Estaing
37%
Italy1974-1976Aldo Moro
30%
Italy1976-1979Giulio Andreotti
20%
Canada1984John Turner
20%
Italy1987Amintore Fanfani
17%
Italy1982-1983Amintore Fanfani
17%
Italy1983-1987Bettino Craxi
17%
Canada1979-1980Joe Clark
13%
Italy1988-1989Ciriaco de Mita
10%
Italy1979-1980Francesco Cossiga
10%
Italy1981-1982Giovanni Spadolini
10%
Japan1982-1987Yasuhiro Nakasone
10%
Italy1980-1981Arnaldo Forlani
7%
Italy1987-1988Giovanni Goria
7%
Japan1978-1980Masayoshi Ōhira
7%
Japan1976-1978Takeo Fukuda
7%
Japan1980-1982Zenkō Suzuki
7%
Japan1987-1989Noboru Takeshita
3%
Japan1974-1976Takeo Miki
3%

Score Distribution

Percentile by Number Answered

Percent of People with Each Score

Your Score History

You have not taken this quiz